[Event "Top 16 Groupe A"]
[Site "Chartres, France"]
[Date "2024.06.03"]
[Round "5.28"]
[White "Pichot, Alan"]
[Black "Warnier, Yanis"]
[Result "1-0"]
[WhiteElo "2635"]
[BlackElo "2170"]
[PlyCount "131"]
[EventDate "2024.??.??"]

1. e4 {6} c6 {57} 2. d4 {20} d5 {5} 3. e5 {15} Bf5 {47} 4. Be3 {87} e6 {76} 5.
Nd2 {77} Nd7 {139} 6. Ngf3 {52} h6 {245} 7. Nb3 {136} Ne7 {93} 8. Be2 {88} Qc7
{761} 9. O-O {288} g5 {406} 10. a4 {436} Bg7 {92} 11. Ne1 {566} O-O {265} 12.
f4 {139} gxf4 {146} 13. Bxf4 {22} c5 {460} 14. c3 {333} a6 {634} 15. Qd2 {590}
Kh7 {81} 16. Nf3 {108} Qb6 {364} 17. Nxc5 {230} Nxc5 {22} 18. dxc5 {6} Qxc5+ {
19} 19. Nd4 {62} Be4 {523} 20. Bd3 {773} Nf5 {244} 21. Rae1 {307} Nxd4 {443}
22. Bxe4+ {19} dxe4 {40} 23. cxd4 {35} Qd5 {237} 24. Re3 {764} Rad8 {467} 25.
Rd1 {41} Rh8 {94} 26. Rh3 {140} h5 {180} 27. Rxh5+ {101} Kg8 {16} 28. Rxh8+ {52
} Kxh8 {21} 29. Bg5 {49} Rd7 {48} 30. Bf6 {551} Kh7 {36} 31. Qf4 {78} Bxf6 {82}
32. exf6 {9} Kg6 {31} 33. h4 {63} Qf5 {30} 34. Qg3+ {11} Kh5 {29} 35. Rf1 {90}
Qg6 {32} 36. Qe3 {73} Rd5 {30} 37. Rf4 {27} e5 {32} 38. Rxe4 {60} exd4 {28} 39.
Qf3+ {31} Kh6 {18} 40. Re8 {37} Qf5 {45} 41. Qxf5 {749} Rxf5 {213} 42. Rd8 {82}
Rxf6 {37} 43. Rxd4 {27} a5 {389} 44. b4 {151} axb4 {38} 45. Rxb4 {8} b6 {38}
46. Kh2 {7} Rc6 {47} 47. Kg3 {30} Kh5 {541} 48. Rf4 {229} Kg6 {153} 49. Rg4+ {
326} Kh6 {52} 50. Rb4 {25} Kh5 {45} 51. Kh3 {10} f5 {322} 52. g3 {33} Kh6 {40}
53. Kg2 {15} Kg6 {49} 54. Kf3 {7} Kh6 {140} 55. Kf4 {48} Kg6 {5} 56. Ke5 {22}
Rc5+ {47} 57. Kd4 {225} Rc6 {23} 58. Rc4 {39} Re6 {93} 59. Kd5 {38} Re3 {4} 60.
g4 {7} fxg4 {25} 61. Rxg4+ {5} Kh5 {24} 62. Rb4 {13} Rc3 {29} 63. Rxb6 {127}
Kxh4 {9} 64. a5 {7} Ra3 {10} 65. a6 {10} Rc3 {57} 66. Rb4+ {60} 1-0

[Event "Top 16 Groupe A"]
[Site "Chartres, France"]
[Date "2024.06.03"]
[Round "5.29"]
[White "Saya, Ethan"]
[Black "Libiszewski, Fabien"]
[Result "0-1"]
[WhiteElo "2231"]
[BlackElo "2493"]
[PlyCount "80"]
[EventDate "2024.??.??"]

1. d4 {132} Nf6 {6} 2. c4 {39} c5 {4} 3. d5 {16} g6 {16} 4. Nc3 {11} Bg7 {17}
5. e4 {77} O-O {38} 6. f4 {422} d6 {79} 7. Nf3 {11} e6 {57} 8. Bd3 {100} exd5 {
92} 9. cxd5 {8} Re8 {584} 10. O-O {135} c4 {304} 11. Bc2 {42} b5 {302} 12. a3 {
184} Na6 {566} 13. h3 {381} b4 {322} 14. axb4 {17} Nxb4 {4} 15. Re1 {184} a5 {
387} 16. Be3 {212} Rb8 {536} 17. Nd4 {506} Ba6 {509} 18. g4 {457} Qc7 {272} 19.
Bf2 {49} Nd7 {176} 20. Na4 {381} Nc5 {121} 21. Nxc5 {75} dxc5 {27} 22. d6 {100}
Qxd6 {122} 23. e5 {25} Qc7 {214} 24. Nf3 {92} Red8 {65} 25. Qc1 {31} Bb7 {435}
26. Be4 {64} Nd3 {71} 27. Qxc4 {24} Bxe4 {334} 28. Qxe4 {66} Rxb2 {165} 29. Rf1
{110} Rb4 {11} 30. Qe3 {24} Nxf4 {11} 31. Qxc5 {39} Qb7 {88} 32. Be3 {342} Rd5
{61} 33. Qa7 {55} Nxh3+ {27} 34. Kh2 {48} Qxa7 {38} 35. Bxa7 {3} Ng5 {95} 36.
Ra3 {164} Rxg4 {71} 37. Bb8 {31} Nxf3+ {60} 38. Raxf3 {2} Bxe5+ {31} 39. Bxe5 {
6} Rxe5 {5} 40. Rxf7 {5} Rh5# {4} 0-1

[Event "Top 16 Groupe A"]
[Site "CHARTRES, France"]
[Date "2024.06.04"]
[Round "6.1"]
[White "Erigaisi Arjun"]
[Black "Pichot, Alan"]
[Result "1/2-1/2"]
[WhiteElo "2761"]
[BlackElo "2635"]
[PlyCount "57"]
[EventDate "2024.??.??"]

1. d4 {53} Nf6 {29} 2. c4 {6} e6 {9} 3. Nf3 {7} d5 {22} 4. cxd5 {8} exd5 {9} 5.
Nc3 {5} h6 {324} 6. Bf4 {45} Bd6 {12} 7. Bxd6 {7} Qxd6 {6} 8. e3 {5} O-O {77}
9. Bd3 {6} Bg4 {161} 10. h3 {213} Bxf3 {22} 11. Qxf3 {6} Nbd7 {264} 12. g4 {454
} c5 {156} 13. O-O-O {762} Rfc8 14. Kb1 {1027} c4 {219} 15. Bf5 {7} b5 {15} 16.
Qf4 {1217} Qc6 {1513} 17. e4 {661} b4 {268} 18. Nxd5 {88} Nxd5 {9} 19. exd5 {4}
Qf6 {34} 20. Qg3 {206} Rd8 {256} 21. h4 {328} Nb6 {72} 22. Be4 {9} Qd6 {398}
23. g5 {298} Qxg3 {405} 24. fxg3 {6} Nxd5 {169} 25. gxh6 {344} gxh6 {9} 26. Rc1
{6} Rac8 {81} 27. Rhf1 {6} Kg7 {61} 28. Bh1 {169} c3 {273} 29. Bxd5 {504}
1/2-1/2

[Event "Top 16 Groupe A"]
[Site "CHARTRES, France"]
[Date "2024.06.04"]
[Round "6.2"]
[White "Ter-Sahakyan, Samvel"]
[Black "Postny, Evgeny"]
[Result "1/2-1/2"]
[WhiteElo "2650"]
[BlackElo "2600"]
[PlyCount "206"]
[EventDate "2024.??.??"]

1. e4 {8} e5 {6} 2. Nf3 {7} Nc6 {6} 3. Bc4 {42} Nf6 {14} 4. d3 {6} Bc5 {17} 5.
c3 h6 6. O-O d6 {312} 7. Re1 {297} O-O 8. h3 Bb6 {130} 9. Nbd2 {194} Ne7 {20}
10. a4 {248} c6 {264} 11. d4 {715} Ng6 {177} 12. Bf1 {421} Bc7 {551} 13. dxe5 {
802} dxe5 {370} 14. b4 {33} a5 {308} 15. Ba3 {632} axb4 {412} 16. cxb4 {88} Re8
{260} 17. a5 {444} b6 {486} 18. axb6 {175} Bxb6 {5} 19. Nc4 {21} Qxd1 {61} 20.
Rexd1 {205} Bc7 {114} 21. Nfd2 {259} Be6 {340} 22. Bb2 {120} Red8 {999} 23. Bc3
{177} Rxa1 {402} 24. Rxa1 {20} Bxc4 {7} 25. Nxc4 {180} Nxe4 {64} 26. Be1 {11}
Ne7 {830} 27. h4 {391} Nf6 {36} 28. Rc1 {96} Nfd5 {98} 29. Na5 {156} Bd6 {32}
30. Nb7 {20} Rd7 {5} 31. Nxd6 {8} Rxd6 {4} 32. b5 {136} cxb5 {71} 33. Bxb5 {4}
Rb6 {90} 34. Bf1 {48} g6 {46} 35. g3 {82} Kg7 {38} 36. Bg2 {8} f5 {19} 37. Rd1
{114} Rb5 {61} 38. Ra1 {43} Kf6 {46} 39. Bd2 {36} g5 {38} 40. Ra6+ {47} Rb6 {8}
41. hxg5+ {187} hxg5 {15} 42. Ra5 {206} e4 {124} 43. g4 {294} Rb1+ {408} 44.
Kh2 {56} Rb2 {40} 45. Ra6+ {79} Ke5 {7} 46. Bxg5 {81} Rxf2 {201} 47. Bxe7 {329}
Nxe7 {165} 48. gxf5 {259} Nxf5 {26} 49. Ra5+ {217} Kf4 {67} 50. Ra4 {15} Ng3 {
61} 51. Kh3 {181} Rd2 {154} 52. Bxe4 {56} Nxe4 {6} 53. Rb4 {9} Ra2 {271} 54.
Rd4 {40} Ra3+ {33} 55. Kh4 {64} Ra8 {71} 56. Kh5 {51} Rg8 {6} 57. Ra4 {22} Rg1
{89} 58. Rb4 {16} Kf5 {13} 59. Rb5+ {12} Ke6 {6} 60. Rb6+ {25} Nd6 {9} 61. Ra6
{16} Kf5 {74} 62. Ra5+ {16} Kf4 {5} 63. Ra4+ {8} Ne4 {10} 64. Rb4 {10} Rg5+ {22
} 65. Kh4 {48} Ra5 {114} 66. Rd4 {41} Ra2 {122} 67. Kh5 {36} Rh2+ {23} 68. Kg6
{3} Ke5 {4} 69. Ra4 {31} Rg2+ {5} 70. Kh5 {29} Nf6+ {62} 71. Kh4 {76} Rg8 {23}
72. Ra5+ {33} Nd5 {6} 73. Rc5 {69} Ke4 {52} 74. Rc4+ {49} Kf3 {37} 75. Ra4 {23}
Nc3 {124} 76. Ra3 {74} Kf4 {8} 77. Kh5 {10} Ne4 {40} 78. Ra4 {37} Rg5+ 79. Kh4
{13} Rb5 {49} 80. Rd4 {28} Kf5 {105} 81. Rd8 {122} Rb3 {132} 82. Rd5+ {22} Kf4
{15} 83. Rd4 {21} Rb1 {29} 84. Kh5 {38} Ke5 {24} 85. Ra4 {20} Rh1+ {24} 86. Kg4
{41} Rg1+ {7} 87. Kh5 {44} Rg2 {169} 88. Ra5+ {45} Ke6 {14} 89. Ra6+ {23} Nd6 {
5} 90. Kh4 {31} Rg8 {15} 91. Ra5 {34} Nf5+ {11} 92. Kh5 {49} Ng3+ {168} 93. Kh4
{6} Ne4 {19} 94. Kh5 {50} Kd6 {58} 95. Ra6+ {20} Ke5 {7} 96. Ra5+ {6} Kf4 {12}
97. Ra4 {7} Rg5+ {17} 98. Kh4 {8} Rc5 {21} 99. Rb4 {13} Kf3 {20} 100. Rb3+ {20}
Nc3 {15} 101. Ra3 {49} Kf4 {9} 102. Ra8 {20} Rf5 {18} 103. Ra1 {66} Ke5 {34}
1/2-1/2

[Event "Top 16 Groupe A"]
[Site "CHARTRES, France"]
[Date "2024.06.04"]
[Round "6.4"]
[White "Libiszewski, Fabien"]
[Black "Barseghyan, Harutyun"]
[Result "1/2-1/2"]
[WhiteElo "2493"]
[BlackElo "2430"]
[PlyCount "42"]
[EventDate "2024.??.??"]

1. Nf3 {6} Nf6 {271} 2. d4 {24} d5 {58} 3. Bf4 {23} c5 {114} 4. e3 {47} Nc6 {67
} 5. Nbd2 {50} Bf5 {142} 6. dxc5 {151} Nd7 {899} 7. Nd4 {911} Bg6 {157} 8. Nxc6
{144} bxc6 {2} 9. b4 {21} e5 {140} 10. Bg3 {76} a5 {15} 11. a3 {1031} Be7 {306}
12. c4 {24} d4 {261} 13. exd4 {1209} exd4 {142} 14. Nb3 {26} axb4 {133} 15.
axb4 {181} Rxa1 {7} 16. Qxa1 {192} O-O {151} 17. Qxd4 {216} Bf6 {380} 18. Qd2 {
20} Ne5 {410} 19. Be2 {286} Nd3+ {88} 20. Kf1 {4} Bg5 {818} 21. Qc3 {283} Bf6 {
910} 1/2-1/2

[Event "Top 16 Groupe A"]
[Site "CHARTRES, France"]
[Date "2024.06.04"]
[Round "6.9"]
[White "Martirosyan, Haik M"]
[Black "Willems, Niels"]
[Result "1-0"]
[WhiteElo "2678"]
[BlackElo "2328"]
[PlyCount "79"]
[EventDate "2024.??.??"]

1. d4 {14} Nf6 {9} 2. Nf3 {7} d5 {9} 3. c4 {29} e6 {9} 4. Nc3 {6} c5 {9} 5.
cxd5 {18} Nxd5 {10} 6. e4 {28} Nxc3 {7} 7. bxc3 {2} cxd4 {9} 8. cxd4 {2} Bb4+ {
9} 9. Bd2 {2} Bxd2+ {8} 10. Qxd2 {2} O-O {12} 11. Bc4 {17} Nd7 {9} 12. O-O {72}
b6 {7} 13. Rfe1 {6} Bb7 {10} 14. Rad1 {4} Rc8 {28} 15. Bb3 {6} h6 {47} 16. Re3
{449} Nf6 {164} 17. Qe1 {123} Re8 {240} 18. Ne5 {329} Qc7 {257} 19. f4 {455}
Nd7 {444} 20. Nxf7 {190} Kxf7 {13} 21. f5 {3} Kg8 {221} 22. Bxe6+ {577} Kh8 {
109} 23. e5 {10} Qc6 {1357} 24. d5 {134} Qc5 {32} 25. Kh1 {135} Rcd8 {338} 26.
Rc3 {1059} Qb4 {429} 27. Rc7 {182} Qxe1+ {68} 28. Rxe1 {1} Nc5 {322} 29. Bf7 {
99} Bxd5 {151} 30. Bxe8 {10} Rxe8 {1} 31. e6 {254} a5 {1581} 32. a3 {216} a4 {
249} 33. Re5 {225} Bb3 {45} 34. h3 {131} h5 {39} 35. Rc6 {93} Nd3 {1} 36. Rb5 {
132} g6 {87} 37. Rcxb6 {100} Kg8 {135} 38. Rb8 {155} Kf8 {49} 39. fxg6 {73}
Bxe6 {47} 40. g7+ {24} 1-0

[Event "Top 16 Groupe A"]
[Site "CHARTRES, France"]
[Date "2024.06.04"]
[Round "6.10"]
[White "Malassagne, Raphael"]
[Black "Movsesian, Sergei"]
[Result "0-1"]
[WhiteElo "2259"]
[BlackElo "2618"]
[PlyCount "42"]
[EventDate "2024.??.??"]

1. d4 {3} d5 {28} 2. Bf4 {28} Nf6 {73} 3. e3 {13} e6 {24} 4. Nd2 {49} c5 {69}
5. Ngf3 {22} Nc6 {70} 6. c3 {109} cxd4 {38} 7. exd4 {6} Nh5 {25} 8. Bg3 {4} g6
{169} 9. Bb5 {442} Bg7 {498} 10. Ne5 {2222} O-O {1050} 11. Nd3 {1032} f6 {389}
12. Bxc6 {340} bxc6 {116} 13. Qa4 {16} Nxg3 {649} 14. hxg3 {11} Qb6 {21} 15.
O-O-O {278} e5 {117} 16. Nc5 {271} Bf5 {389} 17. g4 {146} Bxg4 {226} 18. f3 {26
} Bc8 {59} 19. Rh4 {93} f5 {216} 20. Nd3 {795} exd4 {127} 21. cxd4 {7} Bf6 {31}
0-1

[Event "Top 16 Groupe A"]
[Site "CHARTRES, France"]
[Date "2024.06.04"]
[Round "6.11"]
[White "Moussard, Jules"]
[Black "Saya, Ethan"]
[Result "1-0"]
[WhiteElo "2610"]
[BlackElo "2231"]
[PlyCount "77"]
[EventDate "2024.??.??"]

1. c4 {69} e6 {97} 2. Nc3 {8} d5 {29} 3. d4 {24} Nf6 {19} 4. cxd5 {37} exd5 {7}
5. Bg5 {41} c6 {13} 6. e3 {105} Be7 {6} 7. Bd3 {75} O-O {22} 8. Qc2 {64} Nbd7 {
19} 9. Nf3 {129} Re8 {232} 10. h3 {136} Nf8 {473} 11. O-O {644} Ne4 {263} 12.
Bf4 {386} Nd6 {80} 13. b4 {492} g6 {248} 14. b5 {155} Bf5 {75} 15. bxc6 {126}
Bxd3 {77} 16. Qxd3 {20} bxc6 {2} 17. Rfc1 {313} Qa5 {210} 18. Ne5 {167} Rec8 {
32} 19. Ne2 {52} Qa4 {135} 20. Qc2 {109} Qxc2 {186} 21. Rxc2 {93} c5 {10} 22.
dxc5 {295} Nc4 {45} 23. Nxc4 {29} dxc4 {10} 24. Rxc4 {77} Rxc5 {13} 25. Rxc5 {
122} Bxc5 {2} 26. Nc3 {29} Rd8 {214} 27. Ne4 {124} Be7 {68} 28. Rb1 {110} Ne6 {
27} 29. Rb7 {100} Nxf4 {33} 30. Rxe7 {21} Rd1+ {35} 31. Kh2 {6} Nd3 {22} 32.
Rxa7 {28} Ra1 {55} 33. g4 {31} h6 {68} 34. h4 {50} Ne5 {25} 35. g5 {23} hxg5 {
13} 36. hxg5 {5} Rb1 {23} 37. Kg2 {48} Rb2 {41} 38. Ra8+ {52} Kg7 {5} 39. Nf6 {
13} 1-0

[Event "Top 16 Groupe A"]
[Site "CHARTRES, France"]
[Date "2024.06.04"]
[Round "6.12"]
[White "Warnier, Yanis"]
[Black "Cornette, Matthieu"]
[Result "0-1"]
[WhiteElo "2170"]
[BlackElo "2568"]
[PlyCount "50"]
[EventDate "2024.??.??"]

1. e4 {8} e5 {52} 2. Nf3 {9} Nc6 {6} 3. Bb5 {8} a6 {18} 4. Ba4 {5} d6 {88} 5.
O-O {52} Bd7 {40} 6. d3 {126} g6 {65} 7. c4 {244} Bg7 {170} 8. Nc3 {66} Nge7 {
389} 9. Rb1 {1147} O-O {368} 10. b4 {148} Bg4 {348} 11. Bxc6 {408} bxc6 {332}
12. h3 {49} Be6 {15} 13. Qe2 {347} h6 {497} 14. Rd1 {770} Qc8 {254} 15. d4 {208
} exd4 {498} 16. Nxd4 {7} Re8 {69} 17. Nxe6 {383} Qxe6 {10} 18. Qd3 {550} g5 {
260} 19. f3 {578} Ng6 {98} 20. c5 {41} dxc5 {238} 21. bxc5 {39} Rad8 {403} 22.
Qxd8 {150} Rxd8 {4} 23. Rxd8+ {6} Kh7 {4} 24. Nd1 {35} Qxa2 {82} 25. Rb7 {53}
Qe2 {86} 0-1

[Event "Top 16 Groupe A"]
[Site "CHARTRES, France"]
[Date "2024.06.04"]
[Round "6.14"]
[White "Montaigne, Adrien"]
[Black "Degraeve, Jean-Marc"]
[Result "0-1"]
[WhiteElo "2008"]
[BlackElo "2460"]
[PlyCount "76"]
[EventDate "2024.??.??"]

1. e4 {13} c5 {48} 2. Nf3 {8} Nc6 {13} 3. d4 {7} cxd4 {6} 4. Nxd4 {5} e5 {24}
5. Nb5 {19} d6 {7} 6. c4 {65} Be7 {81} 7. N1c3 {99} a6 {9} 8. Na3 {21} Nf6 {55}
9. Bd3 {216} O-O {85} 10. O-O {116} Nd7 {389} 11. Nc2 {161} Bg5 {23} 12. Ne3 {
100} Nc5 {22} 13. b3 {391} Nd4 {148} 14. Bb2 {293} Bxe3 {562} 15. fxe3 {12} Qg5
{12} 16. Bc1 {740} Bh3 {135} 17. Rf2 {35} Nxd3 {56} 18. Qxd3 {481} Nf3+ {4} 19.
Kh1 {57} Bxg2+ {3} 20. Rxg2 {30} Qxg2+ {4} 21. Kxg2 {7} Ne1+ {4} 22. Kf1 {86}
Nxd3 {7} 23. Ba3 {38} Nc5 {6} 24. Rd1 {60} f5 {71} 25. Rxd6 {168} Nxe4 {24} 26.
Nxe4 {51} fxe4+ {8} 27. Ke2 {12} Rf6 {17} 28. Rd7 {37} Rh6 {22} 29. Bd6 {48}
Rxh2+ {141} 30. Kf1 {25} Re8 {266} 31. Rxb7 {109} h5 {98} 32. c5 {31} Rc2 {8}
33. b4 {50} h4 {14} 34. a4 {44} h3 {15} 35. Kg1 {6} Re6 {87} 36. Rb8+ {98} Kh7
{6} 37. Rf8 {10} Rg6+ {7} 38. Kh1 {14} Rgg2 {5} 0-1

[Event "Top 16 Groupe A"]
[Site "Chartres, France"]
[Date "2024.06.04"]
[Round "6.17"]
[White "Alonso Rosell, Alvar"]
[Black "Albornoz Cabrera, Carlos Daniel"]
[Result "1/2-1/2"]
[WhiteElo "2556"]
[BlackElo "2610"]
[PlyCount "67"]
[EventDate "2024.??.??"]

1. e4 {306} c5 {7} 2. Nf3 {4} d6 {3} 3. d4 {5} cxd4 {3} 4. Qxd4 {4} Nf6 {6} 5.
Nc3 {3} Nc6 {4} 6. Bb5 {4} Bd7 {5} 7. Bxc6 {4} Bxc6 {3} 8. Bg5 {5} e6 {8} 9.
O-O-O {5} Be7 {8} 10. Rhe1 {5} O-O {49} 11. e5 {11} dxe5 {50} 12. Nxe5 {145}
Qa5 {410} 13. Nxc6 {60} bxc6 {23} 14. Ne4 {75} Qxa2 {1599} 15. Nxf6+ {430} gxf6
{137} 16. Bxf6 {43} Qa1+ {323} 17. Kd2 {19} Qa5+ {65} 18. Ke2 {324} Qh5+ {352}
19. g4 {28} Bxf6 {609} 20. Qxf6 {55} Qg6 {13} 21. Qxg6+ {855} hxg6 {11} 22. Rd7
{37} Rfb8 {121} 23. b3 {63} Rb4 {317} 24. h3 {616} a5 {341} 25. Ra1 {1008} Kg7
{125} 26. Rd6 {1169} c5 {223} 27. Rc6 {338} Rh8 {401} 28. Rxc5 {112} Rxh3 {2}
29. Ra4 {14} Rxa4 {146} 30. bxa4 {37} Rh4 {4} 31. f3 {65} f5 {41} 32. gxf5 {169
} gxf5 {262} 33. Rxa5 {123} Kf6 {14} 34. c3 {142} 1/2-1/2

[Event "Top 16 Groupe A"]
[Site "Chartres, France"]
[Date "2024.06.04"]
[Round "6.18"]
[White "Santos Latasa, Jaime"]
[Black "Solakian-Van Eyll, Jerome"]
[Result "1-0"]
[WhiteElo "2626"]
[BlackElo "2247"]
[PlyCount "59"]
[EventDate "2024.??.??"]

1. Nf3 {26} d5 {14} 2. g3 {4} b6 {59} 3. Bg2 {28} Bb7 {20} 4. c4 {152} dxc4 {25
} 5. Na3 {16} e6 {365} 6. Nxc4 {12} Nd7 {15} 7. O-O {773} Be7 {35} 8. Qa4 {115}
Ngf6 {203} 9. Nce5 {279} O-O {395} 10. Nc6 {94} Qe8 {22} 11. Nxe7+ {51} Qxe7 {5
} 12. d3 {26} c5 {317} 13. Qc2 {408} Rac8 {813} 14. b3 {41} Nb8 {559} 15. Bb2 {
125} Nc6 {211} 16. Qd2 {45} Rfd8 {228} 17. Rac1 {57} Rc7 {217} 18. Ne5 {493}
Nxe5 {391} 19. Bxe5 {36} Rcd7 {10} 20. Bxb7 {21} Rxb7 {9} 21. Bxf6 {33} Qxf6 {
607} 22. b4 {41} cxb4 {37} 23. Qxb4 {9} g6 {104} 24. Rc2 {182} Qd4 {200} 25.
Qd2 {279} Kg7 {173} 26. Rfc1 {29} b5 {166} 27. Rc5 {146} Rd5 {250} 28. Rc6 {122
} h5 {295} 29. h4 {95} Rd6 {41} 30. e3 {144} 1-0

[Event "Top 16 Groupe A"]
[Site "Chartres, France"]
[Date "2024.06.04"]
[Round "6.19"]
[White "Sohier, Julien"]
[Black "Sonis, Francesco"]
[Result "0-1"]
[WhiteElo "2214"]
[BlackElo "2577"]
[PlyCount "66"]
[EventDate "2024.??.??"]

1. e4 {433} c5 {7} 2. Nf3 {18} d6 {9} 3. Bb5+ {9} Nc6 {66} 4. O-O {16} Bd7 {63}
5. Re1 {17} g6 {4} 6. c3 {314} a6 {3} 7. Bf1 {115} Bg7 {15} 8. h3 {176} e5 {5}
9. Na3 {364} Nge7 {8} 10. Nc4 {65} Be6 {256} 11. a4 {110} O-O {32} 12. d3 {172}
h6 {36} 13. Rb1 {454} b5 {85} 14. axb5 {77} axb5 {5} 15. Na3 {114} Qb6 {231}
16. d4 {455} exd4 {287} 17. cxd4 {345} Nxd4 {391} 18. Nxd4 {205} cxd4 {5} 19.
Bxb5 {51} Rfc8 {35} 20. Bf4 {283} g5 {50} 21. Bg3 {151} Ng6 {115} 22. Qe2 {464}
Be5 {337} 23. Bd3 {361} Qb3 {239} 24. Nb5 {337} Bxg3 {1034} 25. fxg3 {55} Ne5 {
5} 26. Red1 {256} Qb4 {70} 27. Na3 {80} Bb3 {351} 28. Rd2 {54} Rc5 {28} 29. Kh2
{170} Rac8 {37} 30. Rf1 {161} Rc1 {170} 31. Nc2 {276} R8xc2 {28} 32. Bxc2 {59}
d3 {177} 33. Rxd3 {172} Rxc2 {6} 0-1

[Event "Top 16 Groupe A"]
[Site "Chartres, France"]
[Date "2024.06.04"]
[Round "6.20"]
[White "Laurent-Paoli, Pierre"]
[Black "Ramirez Garcia, Jorge Alberto"]
[Result "1-0"]
[WhiteElo "2576"]
[BlackElo "2266"]
[PlyCount "81"]
[EventDate "2024.??.??"]

1. d4 {2} d5 {201} 2. c4 {91} e6 {7} 3. Nf3 {10} Nf6 {10} 4. Nc3 {16} Nbd7 {7}
5. cxd5 {156} exd5 {11} 6. Qc2 {115} Be7 {74} 7. Bf4 {67} c6 {428} 8. h3 {74}
O-O {322} 9. e3 {24} Re8 {26} 10. Bd3 {62} Nf8 {33} 11. O-O {41} Ne6 {231} 12.
Bh2 {434} g6 {195} 13. Rab1 {87} a5 {424} 14. a3 {43} Ng7 {27} 15. b4 {454} Bf5
16. Ne5 {914} axb4 {84} 17. axb4 {39} Bd6 {11} 18. Bxf5 {461} Nxf5 {22} 19. Na4
{7} Nd7 {614} 20. Nc5 {393} Bxe5 {165} 21. dxe5 {116} Nxe5 {1183} 22. Nxb7 {238
} Qb6 {95} 23. Nc5 {125} Nc4 {67} 24. e4 {583} Na3 {371} 25. Qb2 {10} dxe4 {13}
26. Nd7 {332} Qd4 {16} 27. Nf6+ {4} Kf8 {18} 28. Qxd4 {90} Nxd4 {5} 29. Bd6+ {
155} Kg7 {3} 30. Nxe8+ {11} Rxe8 {7} 31. Rbd1 {80} Ndc2 {900} 32. Bc5 {112} Rb8
{84} 33. Rd7 {192} Nxb4 {41} 34. Ra1 {52} Nac2 {88} 35. Raa7 {22} Kf6 {164} 36.
Rxf7+ {6} Ke6 {5} 37. Rfe7+ {105} Kd5 {18} 38. Bxb4 {7} Rxb4 {25} 39. Rad7+ {38
} Kc5 {43} 40. Re5+ {5} Kb6 {17} 41. Rxh7 {34} 1-0

[Event "Top 16 Groupe A"]
[Site "Chartres, France"]
[Date "2024.06.04"]
[Round "6.21"]
[White "De Balmann, Marc"]
[Black "Degraeve, Remy"]
[Result "0-1"]
[WhiteElo "2148"]
[BlackElo "2432"]
[PlyCount "124"]
[EventDate "2024.??.??"]

1. Nf3 {2} d5 {5} 2. g3 {6} Nf6 {29} 3. Bg2 {8} e6 {3} 4. O-O {13} Be7 {7} 5.
d3 {21} a5 6. Nbd2 {11} a4 {6} 7. a3 {7} c5 {4} 8. e4 {28} Nc6 {5} 9. Re1 {38}
h6 {22} 10. e5 {500} Nd7 {11} 11. Nf1 {34} g5 {8} 12. h3 {236} Qc7 {6} 13. Qe2
{70} b6 {5} 14. c4 {384} d4 {116} 15. g4 {291} Bb7 {460} 16. Bd2 {295} Nf8 {409
} 17. Ng3 {191} Ng6 {20} 18. Nh5 {97} Na5 {160} 19. Bxa5 {158} Rxa5 {73} 20.
Rab1 {244} Bc6 {92} 21. Nd2 {242} Bxg2 {353} 22. Kxg2 {12} Kd7 {169} 23. Kg1 {
661} Raa8 {372} 24. Nf3 {819} Qc6 {120} 25. Kh2 {188} Rab8 {98} 26. Kg3 {87} f5
{425} 27. Nf6+ {704} Bxf6 {1262} 28. exf6 {9} Qd6+ {36} 29. Ne5+ {51} Nxe5 {144
} 30. Qxe5 {2} f4+ {8} 31. Kf3 {19} Qxe5 {174} 32. Rxe5 {2} Rhf8 {7} 33. h4 {
326} gxh4 {5} 34. Rh1 {95} Rxf6 {5} 35. Rxh4 {36} Kd6 {110} 36. Reh5 {45} b5 {4
} 37. cxb5 {15} Rxb5 {3} 38. Rxh6 {14} Rxh6 {15} 39. Rxh6 {2} Rxb2 {148} 40. g5
{281} Rd2 {194} 41. g6 {130} Ke7 {4} 42. Rh7+ {187} Kf6 {17} 43. g7 {212} Kf7 {
44} 44. Ke4 {19} Rxf2 {39} 45. Rh5 {46} Re2+ {460} 46. Kxf4 {36} Kxg7 {4} 47.
Rxc5 {92} Kf6 {12} 48. Ra5 {192} Re3 {1449} 49. Rxa4 {312} e5+ {11} 50. Kg4 {5}
Rxd3 {17} 51. Ra6+ {18} Ke7 {4} 52. Kf5 {30} Re3 {9} 53. Ra7+ {479} Kd6 {13}
54. Ra8 {4} Kc7 {19} 55. Ra7+ {64} Kc6 {23} 56. Ra8 {31} d3 {17} 57. Rd8 {15}
e4 {4} 58. Ke5 {281} Re2 {12} 59. Kd4 {14} d2 {5} 60. Kc3 {9} e3 {3} 61. Kc2 {
19} Re1 {3} 62. a4 {255} Rc1+ {4} 0-1

[Event "Top 16 Groupe A"]
[Site "Chartres, France"]
[Date "2024.06.04"]
[Round "6.23"]
[White "Hirth, Julien"]
[Black "Girel, Joseph"]
[Result "0-1"]
[WhiteElo "2063"]
[BlackElo "2474"]
[PlyCount "168"]
[EventDate "2024.??.??"]

1. e4 {2} c5 {19} 2. c3 {19} d5 {9} 3. exd5 {10} Qxd5 {10} 4. d4 {10} g6 {80}
5. Nf3 {52} Bg7 {25} 6. Nbd2 {86} cxd4 {193} 7. Bc4 {16} Qd8 {84} 8. Nxd4 {154}
Nf6 {16} 9. N2f3 {44} O-O {42} 10. O-O {15} a6 {213} 11. Bb3 {665} Nbd7 {166}
12. Qe2 {114} Nc5 {115} 13. Bc2 {38} Qc7 {154} 14. Re1 {467} e6 {69} 15. Bg5 {
153} b6 {256} 16. Rad1 {978} Bb7 {717} 17. h4 {207} Rfe8 {278} 18. Qe5 {728}
Qxe5 {257} 19. Nxe5 {6} Nfe4 {207} 20. Nc4 {92} Nxg5 {887} 21. hxg5 {82} b5 {
1155} 22. Nd6 {28} Red8 {62} 23. Nxb7 {25} Nxb7 {7} 24. Nc6 {244} Rd6 {316} 25.
Be4 {751} Re8 {9} 26. Nb4 {454} Rxd1 {24} 27. Rxd1 {4} Nc5 {6} 28. Bc2 {100}
Bf8 {82} 29. Nd3 {277} Ne4 {87} 30. Ne5 {8} Nd6 {50} 31. Nd7 {122} Rd8 {109}
32. Nxf8 {223} Kxf8 {2} 33. a4 {38} Ke8 {197} 34. axb5 {11} axb5 {2} 35. Kf1 {
54} Ke7 {39} 36. Ke2 {97} Ra8 {16} 37. Bb3 {29} Ne4 {11} 38. Rd4 {33} Nc5 {184}
39. Rb4 {21} Ra5 {53} 40. c4 {78} Nxb3 {247} 41. Rxb3 {10} bxc4 {5} 42. Rb7+ {
11} Kf8 {117} 43. f4 {204} Rd5 {161} 44. Ke3 {273} Rd3+ {19} 45. Ke4 {106} Rg3
{112} 46. Ke5 {1085} Kg7 {23} 47. Rc7 {97} Rxg2 {341} 48. Rb7 {4} Rd2 {126} 49.
Rb8 {22} Rd5+ {99} 50. Ke4 {5} h6 {17} 51. gxh6+ {28} Kxh6 {7} 52. Rc8 {243}
Rb5 {43} 53. Rxc4 {18} Rxb2 {6} 54. Rc5 {40} Kg7 {27} 55. Ra5 {42} Kf6 {12} 56.
Ra7 {14} Rb5 {25} 57. Rc7 {15} g5 {24} 58. fxg5+ {26} Rxg5 {8} 59. Ra7 {25}
Rg4+ {8} 60. Kf3 {8} Rb4 {52} 61. Rc7 {19} e5 {40} 62. Rc6+ {39} Kg5 {57} 63.
Rc5 {21} f6 {30} 64. Ra5 {16} Rb3+ {48} 65. Ke4 {19} Kg4 {54} 66. Ra8 {39} Rb4+
{15} 67. Ke3 {28} Kf5 {6} 68. Ra3 {15} Rh4 {25} 69. Ra6 {48} Rh3+ {9} 70. Kf2 {
15} e4 {26} 71. Rb6 {54} Ke5 {31} 72. Rb5+ {14} Kf4 {27} 73. Rb4 {97} Rh2+ {41}
74. Kg1 {47} Ra2 {19} 75. Rb3 {38} f5 {28} 76. Rb4 {129} Kf3 {26} 77. Rb1 {33}
e3 {69} 78. Rf1+ {22} Ke4 {26} 79. Rd1 {24} f4 {16} 80. Rb1 {22} f3 {24} 81.
Rb4+ {82} Kf5 {69} 82. Rb3 {18} Kf4 {23} 83. Rb8 {21} Ra1+ {58} 84. Kh2 {4} e2
{19} 0-1